| 000 | 00567nam a2200241Ia 4500 | ||
|---|---|---|---|
| 005 | 20250425162559.0 | ||
| 008 | 250425s9999 xx 000 0 und d | ||
| 020 | _a9780940000000 | ||
| 041 | _aeng | ||
| 082 | _a594.4098615 | ||
| 100 | _aCOAN, EUGENE V. | ||
| 245 | 0 | _aBIVALVE SEASHELLS OF TROPICAL WEST AMERICA | |
| 250 | _aS.E. | ||
| 260 |
_aEstados Unidos _bS.E. _c2012 |
||
| 260 | _aS.L. | ||
| 300 | _a-659 | ||
| 650 | _aMOLUSCOS | ||
| 650 | _aMOLUSCOS | ||
| 650 | _aMOLUSCOS | ||
| 700 | _aVELNTICH-SCOTT, PAUL | ||
| 942 | _c01 | ||
| 010 | _a86978 | ||
| 999 |
_c232146 _d232146 |
||